La iglesia de El Salvador en edi del conflicto

Gespeichert in:
Bibliographische Detailangaben
Format: Text
Schlagworte:
Tags: Tag hinzufügen
Keine Tags, Fügen Sie den ersten Tag hinzu!

MARC

LEADER 00000 a a2200000 04500
001 45260
003
040
090 |a 05.04.04 C397i  
245 |a La iglesia de El Salvador en edi del conflicto  
650 |a IGLESIA CATOLICA  
650 |a MANTENIMIENTO DE LA PAZ  
650 |a CRISIS SOCIAL  
650 |a ASPECTOS POLITICOS  
650 |a PAZ  
650 |a EL SALVADOR  
773 |g páginas 101-149  
999 |c 28816  |d 28816